LIBRARY & INFORMATION CENTRE, KCAET, TAVANUR

ONLINE PUBLIC ACCESS CATALOGUE (OPAC)

Normal view MARC view
  • Mathew, Luke .

Entry Personal Name

Number of records used in: 1

001 - CONTROL NUMBER

  • control field: 1736

003 - CONTROL NUMBER IDENTIFIER

  • control field: OSt

005 - DATE AND TIME OF LATEST TRANSACTION

  • control field: 20161007151808.0

008 - FIXED-LENGTH DATA ELEMENTS

  • fixed length control field: 161007|| aca||aabn | a|a d

040 ## - CATALOGING SOURCE

  • Original cataloging agency: OSt
  • Transcribing agency: OSt

100 ## - HEADING--PERSONAL NAME

  • Personal name: Mathew, Luke .

670 ## - SOURCE DATA FOUND

  • Source citation: Work cat.: (OSt)11594: Mathew, Luke ., Avide Aarum Seshichilla / , 1963.
free website counter